000 00402nam a2200169Ia 4500
008 230524s9999 xx 000 0 und d
020 _a9176840343
082 _a621.402
_bSAR
100 _aA.S.Saro
245 0 _aThermal Engineering
250 _a8TH
260 _aNEW DELHI
_bSatyaprakash
_c2004
300 _aAXII;160
500 _aQuantity Number: 5
650 _aThermodynamics
942 _cBK
999 _c25998
_d25998